<?xml version="1.0" encoding="UTF-8"?>
<record
    xmlns:xsi="http://www.w3.org/2001/XMLSchema-instance"
    xsi:schemaLocation="http://www.loc.gov/MARC21/slim http://www.loc.gov/standards/marcxml/schema/MARC21slim.xsd"
    xmlns="http://www.loc.gov/MARC21/slim">

  <leader>01294nam0a2200313   4500</leader>
  <controlfield tag="001">RU\NLR\bibl\1681098</controlfield>
  <controlfield tag="005">20260405231317.0</controlfield>
  <datafield tag="010" ind1=" " ind2=" ">
    <subfield code="a">978-5-9539-4751-0</subfield>
    <subfield code="9">5000</subfield>
  </datafield>
  <datafield tag="021" ind1=" " ind2=" ">
    <subfield code="a">RU</subfield>
    <subfield code="b">2010-2773&#x438;</subfield>
    <subfield code="9">280&#x438;</subfield>
  </datafield>
  <datafield tag="035" ind1=" " ind2=" ">
    <subfield code="a">(NLR Aleph) 001672298</subfield>
  </datafield>
  <datafield tag="090" ind1=" " ind2=" ">
    <subfield code="a">1049154</subfield>
    <subfield code="c">1049154</subfield>
  </datafield>
  <datafield tag="100" ind1=" " ind2=" ">
    <subfield code="a">20101001d2010    |||y0rusy50      ca</subfield>
  </datafield>
  <datafield tag="101" ind1="1" ind2=" ">
    <subfield code="a">rus</subfield>
    <subfield code="c">und</subfield>
  </datafield>
  <datafield tag="102" ind1=" " ind2=" ">
    <subfield code="a">RU</subfield>
  </datafield>
  <datafield tag="105" ind1=" " ind2=" ">
    <subfield code="a">y   |||||||||</subfield>
  </datafield>
  <datafield tag="200" ind1="1" ind2=" ">
    <subfield code="a">Hello Kitty</subfield>
    <subfield code="i">&#x41F;&#x43E;&#x438;&#x433;&#x440;&#x430;&#x439; &#x441; &#x425;&#x435;&#x43B;&#x43B;&#x43E; &#x41A;&#x438;&#x442;&#x442;&#x438;!</subfield>
    <subfield code="e">&#x43A;&#x43D;&#x438;&#x433;&#x430; &#x441; &#x438;&#x433;&#x440;&#x43E;&#x432;&#x44B;&#x43C; &#x43D;&#x430;&#x431;&#x43E;&#x440;&#x43E;&#x43C;</subfield>
    <subfield code="e">[&#x434;&#x43B;&#x44F; &#x43C;&#x43B;&#x430;&#x434;&#x448;&#x435;&#x433;&#x43E; &#x438; &#x441;&#x440;&#x435;&#x434;&#x43D;&#x435;&#x433;&#x43E; &#x448;&#x43A;&#x43E;&#x43B;&#x44C;&#x43D;&#x43E;&#x433;&#x43E; &#x432;&#x43E;&#x437;&#x440;&#x430;&#x441;&#x442;&#x430;</subfield>
    <subfield code="f">&#x440;&#x435;&#x434;.: &#x42E;&#x43B;&#x438;&#x44F; &#x428;&#x438;&#x448;&#x43A;&#x43E;&#x432;&#x430;]</subfield>
  </datafield>
  <datafield tag="210" ind1=" " ind2=" ">
    <subfield code="a">&#x41C;&#x43E;&#x441;&#x43A;&#x432;&#x430;</subfield>
    <subfield code="c">&#x42D;&#x433;&#x43C;&#x43E;&#x43D;&#x442;</subfield>
    <subfield code="c">&#x42D;&#x433;&#x43C;&#x43E;&#x43D;&#x442; &#x420;&#x43E;&#x441;&#x441;&#x438;&#x44F; &#x41B;&#x442;&#x434;.</subfield>
    <subfield code="d">2010</subfield>
  </datafield>
  <datafield tag="215" ind1=" " ind2=" ">
    <subfield code="a">[16] &#x441;.</subfield>
    <subfield code="c">&#x446;&#x432;. &#x438;&#x43B;.</subfield>
    <subfield code="d">25</subfield>
    <subfield code="e">4 &#x438;&#x433;&#x440;&#x43E;&#x432;&#x44B;&#x445; &#x43F;&#x43E;&#x43B;&#x44F;, 3 &#x43B;. &#x446;&#x432;. &#x43C;&#x430;&#x433;&#x43D;&#x438;&#x442;&#x43E;&#x432;</subfield>
  </datafield>
  <datafield tag="300" ind1=" " ind2=" ">
    <subfield code="a">&#x41D;&#x430;&#x437;&#x432;. &#x43D;&#x430; &#x44F;&#x437;. &#x43E;&#x440;&#x438;&#x433;.: Hello Kitty! Magnetic case</subfield>
  </datafield>
  <datafield tag="309" ind1=" " ind2=" ">
    <subfield code="a">&#x412;&#x43B;&#x43E;&#x436;&#x435;&#x43D;&#x43E; &#x432; &#x447;&#x435;&#x43C;&#x43E;&#x434;&#x430;&#x43D;&#x447;&#x438;&#x43A;</subfield>
  </datafield>
  <datafield tag="454" ind1=" " ind2="0">
    <subfield code="1">2001#$aHello Kitty! Magnetic case</subfield>
    <subfield code="t">Hello Kitty! Magnetic case</subfield>
  </datafield>
  <datafield tag="702" ind1=" " ind2="1">
    <subfield code="4">340</subfield>
    <subfield code="8">rus</subfield>
    <subfield code="7">ca</subfield>
    <subfield code="a">&#x428;&#x438;&#x448;&#x43A;&#x43E;&#x432;&#x430;</subfield>
    <subfield code="b">&#x42E;.</subfield>
    <subfield code="c">&#x440;&#x435;&#x434;. &#x438;&#x437;&#x434;-&#x432;&#x430;</subfield>
    <subfield code="g">&#x42E;&#x43B;&#x438;&#x44F;</subfield>
    <subfield code="3">RU\NLR\auth\77105247</subfield>
    <subfield code="9">88172</subfield>
  </datafield>
  <datafield tag="801" ind1=" " ind2="0">
    <subfield code="a">RU</subfield>
    <subfield code="b">NLR</subfield>
    <subfield code="c">20101001</subfield>
    <subfield code="g">RCR</subfield>
  </datafield>
  <datafield tag="801" ind1=" " ind2="1">
    <subfield code="a">RU</subfield>
    <subfield code="b">NLR</subfield>
    <subfield code="c">20101001</subfield>
  </datafield>
  <datafield tag="852" ind1=" " ind2=" ">
    <subfield code="a">NLR</subfield>
    <subfield code="j">&#x418;&#x433;&#x440;/777</subfield>
  </datafield>
  <datafield tag="942" ind1=" " ind2=" ">
    <subfield code="c">BOOK</subfield>
  </datafield>
  <datafield tag="980" ind1=" " ind2=" ">
    <subfield code="a">NB</subfield>
  </datafield>
  <datafield tag="995" ind1=" " ind2=" ">
    <subfield code="5">2010-10-01</subfield>
    <subfield code="a">ad</subfield>
    <subfield code="b">NLR02</subfield>
    <subfield code="c">NLR02</subfield>
    <subfield code="e">RFS</subfield>
    <subfield code="f">1672298-10</subfield>
    <subfield code="k">&#x418;&#x433;&#x440;/777</subfield>
    <subfield code="o">0</subfield>
    <subfield code="r">BOOK</subfield>
    <subfield code="s">777_</subfield>
  </datafield>
</record>
